CBSE LAST YEARS SOLVED PAPERS:SCIENCE STREAM(PCM),ENG,PHYSICAL EDU,COMPUTER SCIENCE,PHY,CHE,MATHS (Record no. 6887)
[ view plain ]
| 000 -LEADER | |
|---|---|
| fixed length control field | 00805nam a22001577a 4500 |
| 020 ## - INTERNATIONAL STANDARD BOOK NUMBER | |
| ISBN | 811915104-6 |
| 082 ## - DEWEY DECIMAL CLASSIFICATION NUMBER | |
| Classification number | 500 |
| Item number | CBS/C |
| 100 ## - MAIN ENTRY--AUTHOR NAME | |
| Personal name | OSWAL GURUKUL |
| 245 ## - TITLE STATEMENT | |
| Title | CBSE LAST YEARS SOLVED PAPERS:SCIENCE STREAM(PCM),ENG,PHYSICAL EDU,COMPUTER SCIENCE,PHY,CHE,MATHS |
| 246 ## - VARYING FORM OF TITLE | |
| Title proper/short title | CBSE LAST YEARS SOLVED PAPERS:SCIENCE STREAM(PCM),ENG,PHYSICAL EDU,COMPUTER SCIENCE,PHY,CHE,MATHS |
| Remainder of title | CBSE LAST YEARS SOLVED PAPERS:SCIENCE STREAM(PCM),ENG,PHYSICAL EDU,COMPUTER SCIENCE,PHY,CHE,MATHS |
| 260 ## - PUBLICATION, DISTRIBUTION, ETC. (IMPRINT) | |
| Place of publication | AGRA |
| Name of publisher | OSWAL PUBLISHERS |
| Year of publication | 2023 |
| 300 ## - PHYSICAL DESCRIPTION | |
| Number of Pages | 950 |
| 520 ## - SUMMARY, ETC. | |
| Summary, etc | QUESTION BANK XII SCIENCE, CBSE LAST YEARS SOLVED PAPERS:SCIENCE STREAM(PCM),ENG,PHYSICAL EDU,COMPUTER SCIENCE,PHY,CHE,MATHS |
| 650 ## - SUBJECT ADDED ENTRY--TOPICAL TERM | |
| Topical Term | CBSE LAST YEARS SOLVED PAPERS:SCIENCE STREAM(PCM),ENG,PHYSICAL EDU,COMPUTER SCIENCE,PHY,CHE,MATHS |
| 942 ## - ADDED ENTRY ELEMENTS (KOHA) | |
| Koha item type | Books |
| Withdrawn status | Lost status | Collection code | Home library | Current library | Shelving location | Date acquired | Source of acquisition | Cost, normal purchase price | Full call number | Accession Number | Koha item type |
|---|---|---|---|---|---|---|---|---|---|---|---|
| Reference | Main Library | Main Library | NEW SHELF WITH NEW ENTRY | 27/09/2023 | Purchase | 1050.00 | 500 CBS/C | 12914 | Books |